<?xml version="1.0" encoding="UTF-8"?>
<record
    xmlns:xsi="http://www.w3.org/2001/XMLSchema-instance"
    xsi:schemaLocation="http://www.loc.gov/MARC21/slim http://www.loc.gov/standards/marcxml/schema/MARC21slim.xsd"
    xmlns="http://www.loc.gov/MARC21/slim">

  <leader>00849nam a22002537a 4500</leader>
  <controlfield tag="001"> 27628 </controlfield>
  <controlfield tag="003">UA-OsUOA</controlfield>
  <controlfield tag="005">20210514134936.0</controlfield>
  <controlfield tag="007">ta</controlfield>
  <controlfield tag="008">20040908b un ||||| |||| 00| 0 ukr d</controlfield>
  <datafield tag="040" ind1=" " ind2=" ">
    <subfield code="a">UA-OsUOA</subfield>
    <subfield code="b">ukr</subfield>
    <subfield code="c">UA-OsUOA</subfield>
    <subfield code="d">UA-OsUOA</subfield>
  </datafield>
  <datafield tag="041" ind1=" " ind2=" ">
    <subfield code="a">ukr</subfield>
  </datafield>
  <datafield tag="044" ind1=" " ind2=" ">
    <subfield code="a">UA</subfield>
  </datafield>
  <datafield tag="080" ind1=" " ind2=" ">
    <subfield code="a">78(091)</subfield>
  </datafield>
  <datafield tag="090" ind1=" " ind2=" ">
    <subfield code="a">78(091)</subfield>
    <subfield code="b">&#x428;85</subfield>
  </datafield>
  <datafield tag="100" ind1=" " ind2=" ">
    <subfield code="a">&#x428;&#x440;&#x435;&#x454;&#x440;-&#x422;&#x43A;&#x430;&#x447;&#x435;&#x43D;&#x43A;&#x43E; &#x41E;.&#x42F;.</subfield>
  </datafield>
  <datafield tag="245" ind1=" " ind2=" ">
    <subfield code="a">&#x406;&#x441;&#x442;&#x43E;&#x440;&#x456;&#x44F; &#x443;&#x43A;&#x440;&#x430;&#x457;&#x43D;&#x441;&#x44C;&#x43A;&#x43E;&#x457; &#x43C;&#x443;&#x437;&#x438;&#x43A;&#x438;</subfield>
    <subfield code="b">&#x420;&#x43E;&#x437;&#x432;&#x438;&#x442;&#x43E;&#x43A; &#x443;&#x43A;&#x440;&#x430;&#x457;&#x43D;&#x441;&#x44C;&#x43A;&#x43E;&#x457; &#x43C;&#x443;&#x437;&#x438;&#x447;&#x43D;&#x43E;&#x457; &#x43A;&#x443;&#x43B;&#x44C;&#x442;&#x443;&#x440;&#x438; &#x432;&#x456;&#x434; &#x43D;&#x430;&#x439;&#x434;&#x430;&#x432;&#x43D;&#x456;&#x448;&#x438;&#x445; &#x447;&#x430;&#x441;&#x456;&#x432; &#x434;&#x43E; &#x441;&#x435;&#x440;&#x435;&#x434;&#x438;&#x43D;&#x438; &#x425;&#x406;&#x425; &#x441;&#x442;&#x43E;&#x43B;&#x456;&#x442;&#x442;&#x44F;</subfield>
  </datafield>
  <datafield tag="260" ind1=" " ind2=" ">
    <subfield code="a">&#x41A;.</subfield>
    <subfield code="b">&#x41C;&#x443;&#x437;&#x438;&#x447;&#x43D;&#x430; &#x423;&#x43A;&#x440;&#x430;&#x457;&#x43D;&#x430;</subfield>
    <subfield code="c">1980</subfield>
  </datafield>
  <datafield tag="300" ind1=" " ind2=" ">
    <subfield code="a">200 &#x441;.</subfield>
    <subfield code="b">&#x406;&#x43B;&#x44E;&#x441;&#x442;&#x440;&#x430;&#x446;&#x456;&#x457;</subfield>
  </datafield>
  <datafield tag="650" ind1=" " ind2="7">
    <subfield code="2">UDC</subfield>
  </datafield>
  <datafield tag="942" ind1=" " ind2=" ">
    <subfield code="c">BK</subfield>
    <subfield code="2">udc</subfield>
  </datafield>
  <datafield tag="955" ind1=" " ind2=" ">
    <subfield code="a">0</subfield>
  </datafield>
  <datafield tag="999" ind1=" " ind2=" ">
    <subfield code="c">313977</subfield>
    <subfield code="d">313977</subfield>
  </datafield>
  <datafield tag="952" ind1=" " ind2=" ">
    <subfield code="0">0</subfield>
    <subfield code="1">0</subfield>
    <subfield code="2">udc</subfield>
    <subfield code="4">0</subfield>
    <subfield code="7">0</subfield>
    <subfield code="a">102</subfield>
    <subfield code="b">102</subfield>
    <subfield code="d">2004-09-08</subfield>
    <subfield code="g">10.23</subfield>
    <subfield code="i">70481</subfield>
    <subfield code="l">0</subfield>
    <subfield code="o">78(091) &#x428;85</subfield>
    <subfield code="p">70481</subfield>
    <subfield code="r">2022-02-09 00:00:00</subfield>
    <subfield code="w">2004-09-08</subfield>
    <subfield code="y">BK</subfield>
  </datafield>
  <datafield tag="952" ind1=" " ind2=" ">
    <subfield code="0">0</subfield>
    <subfield code="1">0</subfield>
    <subfield code="2">udc</subfield>
    <subfield code="4">0</subfield>
    <subfield code="7">0</subfield>
    <subfield code="8">C_KREKOTEN</subfield>
    <subfield code="a">102</subfield>
    <subfield code="b">102</subfield>
    <subfield code="d">2007-07-04</subfield>
    <subfield code="e">120/2007</subfield>
    <subfield code="g">7.00</subfield>
    <subfield code="i">105376</subfield>
    <subfield code="l">0</subfield>
    <subfield code="o">78 &#x428;85</subfield>
    <subfield code="p">105376</subfield>
    <subfield code="r">2022-02-07 00:00:00</subfield>
    <subfield code="w">2007-07-04</subfield>
    <subfield code="y">BK</subfield>
  </datafield>
  <datafield tag="952" ind1=" " ind2=" ">
    <subfield code="0">0</subfield>
    <subfield code="1">0</subfield>
    <subfield code="2">udc</subfield>
    <subfield code="4">0</subfield>
    <subfield code="7">0</subfield>
    <subfield code="a">300</subfield>
    <subfield code="b">300</subfield>
    <subfield code="d">2009-02-23</subfield>
    <subfield code="e">213/2009</subfield>
    <subfield code="g">1.00</subfield>
    <subfield code="i">2130462</subfield>
    <subfield code="l">0</subfield>
    <subfield code="o">78 &#x428;85</subfield>
    <subfield code="p">2130462</subfield>
    <subfield code="r">2019-09-15 00:00:00</subfield>
    <subfield code="w">2009-02-23</subfield>
    <subfield code="y">BK</subfield>
  </datafield>
</record>
